[Event "Int. Stuttgarter Stadtmeisterschaft B"]
[Site "Ditzingen"]
[Date "2013.05.09"]
[Round "1.1"]
[White "Vogel, Karlheinz"]
[Black "Spielberger, Horst"]
[Result "0-1"]
[WhiteElo "1706"]
[BlackElo "1893"]
[PlyCount "66"]
[EventDate "2013.??.??"]
[WhiteTeam "TSV Untergruppenb."]
[BlackTeam "SC Ismaning"]

1. d4 c6 2. c4 g6 3. Nc3 Bg7 4. e4 d6 5. Be3 Nf6 6. f3 O-O 7. Bd3 Na6 8. a3 e5
9. dxe5 dxe5 10. b4 Qe7 11. Nge2 Rd8 12. Qc2 Nc7 13. O-O Ne6 14. b5 Nd4 15. Qb2
Nxf3+ 16. Rxf3 Rxd3 17. Qc2 Rd8 18. Raf1 Ng4 19. Bc1 Be6 20. Na4 cxb5 21. cxb5
Rac8 22. Qb1 Nh6 23. h3 Qh4 24. Rg3 Qe7 25. Nac3 f6 26. Rd3 Nf7 27. a4 Bc4 28.
Rxd8+ Rxd8 29. Be3 b6 30. Rf2 Qa3 31. Bc1 Qc5 32. Ng3 Rd3 33. Bb2 Rxg3 0-1

[Event "Int. Stuttgarter Stadtmeisterschaft B"]
[Site "Ditzingen"]
[Date "2013.05.09"]
[Round "1.2"]
[White "Rudhart, Michael"]
[Black "Fuchs, Egbert"]
[Result "1-0"]
[WhiteElo "1890"]
[BlackElo "1706"]
[PlyCount "69"]
[EventDate "2013.??.??"]
[WhiteTeam "DJK Stuttgart-Süd"]
[BlackTeam "SVG Vaihingen/Enz"]

1. d4 Nf6 2. c4 e6 3. Nc3 Bb4 4. Bd2 O-O 5. e3 d5 6. Nf3 c5 7. Qb3 Nc6 8. dxc5
Bxc5 9. h3 d4 10. exd4 Nxd4 11. Nxd4 Bxd4 12. Be3 Bxe3 13. fxe3 Nh5 14. Ne2
Qh4+ 15. Kd2 Rd8+ 16. Kc3 Qe4 17. Kb4 a5+ 18. Ka3 Rd3 19. Nc3 a4 20. Qb5 Bd7
21. Qxd7 Qxc4 22. Qxd3 Qc5+ 23. b4 axb3+ 24. Kb2 Qa3+ 25. Kb1 b2 26. Be2 Nf6
27. Qc4 Nd5 28. Nb5 bxa1=Q+ 29. Kxa1 Qxe3 30. Bf3 Nb6 31. Qc3 Qf2 32. Qb3 Nd7
33. Rc1 Nc5 34. Qc2 Qxc2 35. Rxc2 1-0

[Event "Int. Stuttgarter Stadtmeisterschaft B"]
[Site "Ditzingen"]
[Date "2013.05.09"]
[Round "1.3"]
[White "Handel, Oliver"]
[Black "Paschmann, Stefan"]
[Result "0-1"]
[WhiteElo "1705"]
[BlackElo "1886"]
[PlyCount "42"]
[EventDate "2013.??.??"]
[WhiteTeam "SF 59 Kornwestheim"]
[BlackTeam "Krefelder Schachklub Turm 1851 e"]

1. e4 c6 2. d4 d5 3. Nc3 dxe4 4. Nxe4 Nd7 5. Nf3 Ngf6 6. Bd3 Nxe4 7. Bxe4 Nf6
8. Bd3 Bg4 9. c3 e6 10. Bf4 Bd6 11. Bxd6 Qxd6 12. h3 Bxf3 13. Qxf3 Qd5 14. Qxd5
exd5 15. O-O O-O 16. Rfe1 Rfe8 17. Re2 Rxe2 18. Bxe2 Re8 19. Re1 Kf8 20. Kf1
Ne4 21. Bd3 Nd2+ 0-1

[Event "Int. Stuttgarter Stadtmeisterschaft B"]
[Site "Ditzingen"]
[Date "2013.05.09"]
[Round "1.4"]
[White "Meissner, Michael"]
[Black "Gampper, Steffen"]
[Result "0-1"]
[WhiteElo "1885"]
[BlackElo "1700"]
[PlyCount "52"]
[EventDate "2013.??.??"]
[BlackTeam "SC Murrhardt 1948 e.V."]

1. e4 c5 2. Nf3 a6 3. b3 e6 4. Bb2 d5 5. exd5 exd5 6. d4 Nf6 7. Bd3 Be7 8. O-O
O-O 9. Re1 Bg4 10. Nbd2 cxd4 11. h3 Bh5 12. Bxd4 Nc6 13. Bb2 Nb4 14. Be2 Bg6
15. Nd4 Rc8 16. c3 Nd3 17. Bxd3 Bxd3 18. Qf3 Be4 19. Nxe4 Nxe4 20. Rad1 Qa5 21.
Qh5 Bf6 22. Rxe4 g6 23. Rg4 Qxa2 24. Nf5 Qxb2 25. Qh6 Qxc3 26. Rdd4 Qc1+ 0-1

[Event "Int. Stuttgarter Stadtmeisterschaft B"]
[Site "Ditzingen"]
[Date "2013.05.09"]
[Round "1.5"]
[White "Gheng, Christian"]
[Black "Luft, Jakob"]
[Result "0-1"]
[WhiteElo "1696"]
[BlackElo "1874"]
[PlyCount "82"]
[EventDate "2013.??.??"]
[WhiteTeam "TSV Schönaich"]
[BlackTeam "SF Oeffingen e.V."]

1. e4 e5 2. Nf3 Nc6 3. Bb5 Nf6 4. O-O d6 5. Re1 Be7 6. c3 O-O 7. d4 Bg4 8. d5
Nb8 9. Ba4 Ne8 10. Nbd2 f5 11. h3 fxe4 12. Rxe4 Bh5 13. Bb3 Nd7 14. Rb4 Nc5 15.
Bc2 a5 16. Bxh7+ Kh8 17. g4 axb4 18. gxh5 Kxh7 19. Qc2+ Kg8 20. cxb4 Nd7 21. h6
Rf7 22. Qg6 Rf6 23. h7+ Kh8 24. Qh5 Rh6 25. Qf7 Rxh7 26. Ne4 g5 27. Qg6 Nef6
28. Nexg5 Qg8 29. Nh4 Nxd5 30. Kh2 Qxg6 31. Nxg6+ Kg7 32. Nxe7 Nxe7 33. Nxh7
Kxh7 34. Bg5 Nd5 35. a3 Nxb4 36. Rc1 Nc6 37. h4 Kg6 38. Rg1 Kf5 39. Be3 Rh8 40.
Rg5+ Ke6 41. h5 Nf6 0-1

[Event "Int. Stuttgarter Stadtmeisterschaft B"]
[Site "Ditzingen"]
[Date "2013.05.09"]
[Round "1.6"]
[White "Pocrnic, Josip"]
[Black "Gheng, Hannelore"]
[Result "0-1"]
[WhiteElo "1865"]
[BlackElo "1691"]
[PlyCount "52"]
[EventDate "2013.??.??"]
[WhiteTeam "SF 1954 Conweiler e.V."]
[BlackTeam "SF Deizisau"]

1. e4 c5 2. Nf3 d6 3. d4 cxd4 4. Nxd4 Nf6 5. Nc3 g6 6. Be3 Bg7 7. Bc4 O-O 8. f3
Nc6 9. Qd2 Bd7 10. O-O-O Rc8 11. Bb3 Nxd4 12. Bxd4 b5 13. Bxa7 b4 14. Nd5 Nxd5
15. Qxd5 Ra8 16. Be3 Be6 17. Qd3 Qa5 18. Kd2 Bxb2 19. Ke2 Rfc8 20. Bd2 Bxb3 21.
axb3 Qc5 22. Rb1 Ra2 23. Rhd1 Qxc2 24. Qxc2 Rxc2 25. Ke1 Bc3 26. Bxc3 bxc3 0-1

[Event "Int. Stuttgarter Stadtmeisterschaft B"]
[Site "Ditzingen"]
[Date "2013.05.09"]
[Round "1.7"]
[White "Tönjes, Jürgen"]
[Black "Streicher, Traugott"]
[Result "1/2-1/2"]
[WhiteElo "1689"]
[BlackElo "1865"]
[PlyCount "167"]
[EventDate "2013.??.??"]
[WhiteTeam "SF Lilienthal von 1971"]
[BlackTeam "TSG Steinheim"]

1. d4 Nf6 2. c4 g6 3. Nc3 d5 4. e3 Bg7 5. Nf3 O-O 6. Bd2 c6 7. cxd5 cxd5 8. Bd3
Nc6 9. a3 Bf5 10. Bxf5 gxf5 11. O-O Rc8 12. Rb1 e6 13. Qe2 Ne4 14. Rfc1 Qd7 15.
Be1 Ne7 16. g3 Rc6 17. Na2 Rfc8 18. Rxc6 bxc6 19. Nd2 c5 20. Nxe4 fxe4 21. dxc5
Rxc5 22. Bc3 Ng6 23. Rc1 Qa4 24. Bxg7 Rxc1+ 25. Nxc1 Kxg7 26. h4 Ne5 27. Kg2
Nf3 28. Na2 Kf6 29. Nc3 Qb3 30. Nb5 Qa4 31. Nc3 Qc6 32. Qb5 Qxb5 33. Nxb5 a6
34. Nc7 a5 35. b4 axb4 36. axb4 Ke7 37. Nb5 Ne1+ 38. Kf1 Nd3 39. Nd4 Nxb4 40.
Ne2 e5 41. g4 Nc6 42. Nc3 Ke6 43. Kg2 Nb4 44. Kg3 Nc2 45. Kg2 Ne1+ 46. Kg3 Nf3
47. Kh3 Nd2 48. Nb5 Kd7 49. Kg3 Kc6 50. Nc3 d4 51. exd4 exd4 52. Nd1 Kd5 53.
Nb2 Nc4 54. Nd1 Ke5 55. h5 f6 56. f4+ Ke6 57. Nf2 f5 58. g5 d3 59. h6 d2 60. g6
Nd6 61. gxh7 Nf7 62. Nd1 Kf6 63. Ne3 Kg6 64. Kf2 d1=Q 65. Nxd1 Kxh7 66. Ke3
Kxh6 67. Kd4 Kg6 68. Ne3 Kf6 69. Nd5+ Ke6 70. Nc3 Nd6 71. Ke3 Kd7 72. Ne2 Kc6
73. Ng3 Kd5 74. Ne2 Nc4+ 75. Kf2 Kc5 76. Ng3 Nd6 77. Ke3 Kd5 78. Ne2 Kc4 79.
Ng3 Kd5 80. Ne2 Ke6 81. Nd4+ Kf6 82. Ne2 Nc8 83. Kd4 Ne7 84. Nc3 1/2-1/2

[Event "Int. Stuttgarter Stadtmeisterschaft B"]
[Site "Ditzingen"]
[Date "2013.05.09"]
[Round "1.8"]
[White "Wiessner, Johann"]
[Black "Rasch, Wolfgang"]
[Result "1-0"]
[WhiteElo "1861"]
[BlackElo "1688"]
[PlyCount "95"]
[EventDate "2013.??.??"]
[WhiteTeam "SC Lechhausen"]

1. d4 d5 2. c4 e6 3. Nf3 Nf6 4. g3 c6 5. Bg2 Be7 6. O-O O-O 7. Qc2 Nbd7 8. Nbd2
dxc4 9. Nxc4 Nb6 10. Nce5 Nfd7 11. e3 Bf6 12. Nxd7 Bxd7 13. e4 Rc8 14. Be3 g6
15. Rad1 Bg7 16. Qb3 Kh8 17. Rc1 f5 18. exf5 Rxf5 19. Ne5 Bxe5 20. dxe5 Rf8 21.
Bh6 Re8 22. Qe3 Qe7 23. Bg5 Qf7 24. Bf6+ Kg8 25. Rfd1 Ra8 26. h4 Nd5 27. Bxd5
exd5 28. Qh6 Bg4 29. Rd4 Be2 30. Re1 Bc4 31. b3 Ba6 32. Re3 Re6 33. Rg4 Rxf6
34. exf6 Qxf6 35. Kg2 Rf8 36. Rf4 Qg7 37. Qxg7+ Kxg7 38. Re7+ Kg8 39. Rxf8+
Kxf8 40. Rxh7 d4 41. Kf3 d3 42. Ke3 Kg8 43. Rd7 Kf8 44. Rc7 Kg8 45. g4 Kf8 46.
f4 Kg8 47. f5 gxf5 48. gxf5 1-0

[Event "Int. Stuttgarter Stadtmeisterschaft B"]
[Site "Ditzingen"]
[Date "2013.05.09"]
[Round "1.9"]
[White "Weisensel, Wolfgang"]
[Black "Häfele, Torsten"]
[Result "0-1"]
[WhiteElo "1685"]
[BlackElo "1855"]
[PlyCount "96"]
[EventDate "2013.??.??"]
[WhiteTeam "Stuttgarter SF 1879"]
[BlackTeam "SVG Vaihingen/Enz"]

1. d4 f5 2. e4 fxe4 3. Nc3 Nf6 4. Bg5 Nc6 5. d5 Ne5 6. Bxf6 exf6 7. Nxe4 Bb4+
8. c3 Ba5 9. a4 a6 10. Nf3 d6 11. Nxe5 dxe5 12. Be2 Bb6 13. O-O f5 14. Ng3 O-O
15. c4 Qe7 16. Kh1 e4 17. f4 Qh4 18. Qe1 g6 19. Bd1 Qf6 20. Rb1 Bd4 21. b3 Bd7
22. Ne2 Ba7 23. Qc3 Qe7 24. Bc2 c6 25. Qd2 cxd5 26. Qxd5+ Be6 27. Qd2 Rad8 28.
Qc3 Rd7 29. Rbd1 Rfd8 30. Rxd7 Rxd7 31. Rd1 Rxd1+ 32. Bxd1 Qd6 33. Bc2 Kf7 34.
Qe1 Be3 35. g3 Bd2 36. Qd1 e3 37. Kg1 Qc6 38. Nd4 Qb6 39. Ne2 Qc5 40. h4 b5 41.
cxb5 axb5 42. axb5 Qxb5 43. Kh2 Qb7 44. Nd4 Bd5 45. Qb1 Qb4 46. Ne2 Qc5 47. Qd1
Bf3 48. Kg1 Bxe2 0-1

[Event "Int. Stuttgarter Stadtmeisterschaft B"]
[Site "Ditzingen"]
[Date "2013.05.09"]
[Round "1.10"]
[White "Ellinger, Harald"]
[Black "Hartmann, Anatoli"]
[Result "0-1"]
[WhiteElo "1854"]
[BlackElo "1684"]
[PlyCount "102"]
[EventDate "2013.??.??"]
[WhiteTeam "SK e4 Gerlingen"]
[BlackTeam "SC Gross-Sachsenheim"]

1. Nf3 e6 2. d4 d5 3. c4 Nf6 4. Nc3 c5 5. e3 cxd4 6. exd4 Bb4 7. a3 Bxc3+ 8.
bxc3 Qa5 9. Bd2 Ne4 10. Bd3 Nxd2 11. Qxd2 Nc6 12. cxd5 Qxd5 13. O-O O-O 14.
Rfe1 Qa5 15. Qc2 g6 16. Nd2 Bd7 17. Nc4 Qd8 18. Re3 Rc8 19. Qd2 Qg5 20. Qe2 Ne7
21. Nd6 Rc7 22. Ne4 Qa5 23. c4 Kg7 24. Qb2 Qb6 25. Qxb6 axb6 26. Nd2 Ra8 27.
Be4 Nc6 28. Bxc6 bxc6 29. Rb3 b5 30. c5 Rca7 31. h3 Ra4 32. Nf3 f6 33. Kf1 b4
34. Ke2 Rxa3 35. Rab1 Rxb3 36. Rxb3 Ra4 37. Kd3 Bc8 38. Nd2 Ba6+ 39. Ke3 g5 40.
g3 h5 41. f3 f5 42. f4 Kf6 43. h4 g4 44. Kf2 Ke7 45. Ke1 Kd7 46. Kd1 Bb5 47.
Kc1 Ra1+ 48. Kb2 Rg1 49. Re3 Rg2 50. Kc1 Ba4 51. Nb3 Rg1+ {nach weiteren Zügen}
0-1

[Event "Int. Stuttgarter Stadtmeisterschaft B"]
[Site "Ditzingen"]
[Date "2013.05.09"]
[Round "1.11"]
[White "Tsybulevsky, Juri"]
[Black "Baumeister, Jürgen"]
[Result "0-1"]
[WhiteElo "1676"]
[BlackElo "1849"]
[PlyCount "52"]
[EventDate "2013.??.??"]
[WhiteTeam "Stuttgarter SF 1879"]
[BlackTeam "SC Asperg"]

1. d4 d5 2. Nf3 e6 3. b3 Nf6 4. Nbd2 c5 5. c4 cxd4 6. cxd5 Nxd5 7. Bb2 Bb4 8.
Bxd4 O-O 9. e3 Nc6 10. a3 Nxd4 11. exd4 Bc3 12. Ra2 Qb6 13. Qc2 h6 14. Bc4 Bxd4
15. O-O Bd7 16. Bxd5 exd5 17. Nxd4 Qxd4 18. Nf3 Qf4 19. Rd1 Rac8 20. Qd2 Qe4
21. h3 Bxh3 22. Qxd5 Qg4 23. Nh2 Qg6 24. Qf3 Rc3 25. Qxb7 Rxb3 26. Qc6 Qxc6 0-1

[Event "Int. Stuttgarter Stadtmeisterschaft B"]
[Site "Ditzingen"]
[Date "2013.05.09"]
[Round "1.12"]
[White "Viehoff, Jürgen"]
[Black "Mejerski, Stephan"]
[Result "1-0"]
[WhiteElo "1848"]
[BlackElo "1664"]
[PlyCount "85"]
[EventDate "2013.??.??"]
[WhiteTeam "SC Stetten a.d.F."]
[BlackTeam "SK Schmiden/Cannstatt"]

1. d4 d5 2. Bf4 e6 3. e3 Bd6 4. Bxd6 Qxd6 5. c3 Nf6 6. Nd2 O-O 7. Bd3 Bd7 8.
Ngf3 Be8 9. Ne5 Nbd7 10. f4 c5 11. g4 Nb6 12. O-O Nfd7 13. g5 f5 14. a4 Nxe5
15. dxe5 Qe7 16. a5 Nd7 17. Nf3 Bh5 18. Be2 Bxf3 19. Rxf3 c4 20. b3 cxb3 21.
Qxb3 Nc5 22. Qa3 Qc7 23. c4 Ne4 24. cxd5 exd5 25. Rc1 Qd7 26. Rff1 Rac8 27.
Rfd1 Rxc1 28. Rxc1 Rc8 29. Bf3 Rxc1+ 30. Qxc1 Qc6 31. Qxc6 bxc6 32. Bxe4 dxe4
33. Kf2 Kf7 34. Ke2 Ke6 35. Kd2 Kd5 36. Kc2 Kc5 37. Kc3 Kd5 38. Kb4 c5+ 39. Kc3
a6 40. Kb3 h6 41. gxh6 gxh6 42. h3 c4+ 43. Kb4 1-0

[Event "Int. Stuttgarter Stadtmeisterschaft B"]
[Site "Ditzingen"]
[Date "2013.05.09"]
[Round "1.13"]
[White "Petitto, Francesco"]
[Black "Winkler, Tim"]
[Result "0-1"]
[WhiteElo "1663"]
[BlackElo "1816"]
[PlyCount "82"]
[EventDate "2013.??.??"]
[WhiteTeam "SK Sontheim/Brenz e.V."]
[BlackTeam "SF Deizisau"]

1. d4 Nf6 2. Nf3 g6 3. e3 d6 4. Bd3 Bg7 5. O-O Nbd7 6. Nbd2 O-O 7. e4 e6 8. Re1
c5 9. c3 a6 10. Nc4 d5 11. exd5 Nxd5 12. Nd6 cxd4 13. cxd4 N7b6 14. Nxc8 Rxc8
15. Bg5 Qd6 16. Qd2 Nc4 17. Bxc4 Rxc4 18. Rac1 Rfc8 19. Rxc4 Rxc4 20. Rc1 Qc7
21. b3 Rxc1+ 22. Qxc1 Qxc1+ 23. Bxc1 Nc3 24. Kf1 Nxa2 25. Bd2 Bf8 26. Ne5 Nb4
27. Nd7 Nc6 28. Nc5 Bxc5 29. dxc5 Kf8 30. Bf4 Ke8 31. Bd6 Nd4 32. b4 Nc2 33.
Ke2 Nxb4 34. Kd2 Kd7 35. Kc3 Nd5+ 36. Kd4 Kc6 37. Kc4 Nf6 38. Be7 Nd7 39. Kb4
a5+ 40. Kxa5 Nxc5 41. Kb4 Nd3+ 0-1

[Event "Int. Stuttgarter Stadtmeisterschaft B"]
[Site "Ditzingen"]
[Date "2013.05.09"]
[Round "1.14"]
[White "Muench, Werner"]
[Black "Ziegler, Michael"]
[Result "1/2-1/2"]
[WhiteElo "1841"]
[BlackElo "1658"]
[PlyCount "42"]
[EventDate "2013.??.??"]
[WhiteTeam "SC Widdern"]
[BlackTeam "SF 59 Kornwestheim"]

1. d4 Nf6 2. c4 d6 3. Nc3 g6 4. e4 Bg7 5. Be2 O-O 6. Nf3 Ne8 7. O-O f5 8. exf5
Bxf5 9. Be3 Nc6 10. d5 Ne5 11. Nd4 Qc8 12. Nxf5 Qxf5 13. f4 Nf7 14. Bg4 Qf6 15.
Qd2 Kh8 16. Rad1 Nh6 17. Be6 Nf5 18. g4 Nxe3 19. Qxe3 Qh4 20. g5 c5 21. Ne2 Nc7
1/2-1/2

[Event "Int. Stuttgarter Stadtmeisterschaft B"]
[Site "Ditzingen"]
[Date "2013.05.09"]
[Round "1.15"]
[White "Helmbrecht, Kurt"]
[Black "Bälz, Jürgen"]
[Result "0-1"]
[WhiteElo "1657"]
[BlackElo "1833"]
[PlyCount "76"]
[EventDate "2013.??.??"]
[WhiteTeam "SV Fellbach"]
[BlackTeam "TSV Willsbach"]

1. e4 c6 2. Nf3 d5 3. exd5 cxd5 4. d4 Nc6 5. Be2 Bf5 6. c3 Nf6 7. O-O e6 8. Bg5
Be7 9. Nbd2 h6 10. Bh4 O-O 11. h3 a6 12. Re1 b5 13. a3 Qb6 14. Rf1 a5 15. Ne5
Ra7 16. Ndf3 Ne4 17. Nxc6 Qxc6 18. Bxe7 Rxe7 19. Ne5 Qb6 20. Nd3 Rd8 21. g4 Bh7
22. Kg2 f5 23. f3 Nd6 24. Re1 Rf8 25. b4 axb4 26. axb4 Nc4 27. Qb3 Ra7 28. Nc5
fxg4 29. hxg4 Bc2 30. Bxc4 Bxb3 31. Bxb3 Rxa1 32. Rxa1 Qd6 33. Nd3 Qc7 34. Rc1
Qe7 35. Ne5 Qg5 36. Rd1 Qe3 37. Rd3 Qc1 38. Nc6 Qb2+ 0-1

[Event "Int. Stuttgarter Stadtmeisterschaft B"]
[Site "Ditzingen"]
[Date "2013.05.09"]
[Round "1.16"]
[White "Shahisavandi, Abdollah"]
[Black "Vasiliadis, Paraskevas"]
[Result "0-1"]
[WhiteElo "1833"]
[BlackElo "1656"]
[PlyCount "126"]
[EventDate "2013.??.??"]
[WhiteTeam "Karlsruher SF 1853"]
[BlackTeam "SF Oeffingen e.V."]

1. e4 e5 2. Nf3 Nc6 3. Bb5 a6 4. Ba4 b5 5. Bb3 Bc5 6. c3 d6 7. h3 Nf6 8. d3 h6
9. O-O O-O 10. Re1 Re8 11. Nbd2 Be6 12. Bxe6 Rxe6 13. Nf1 Ne7 14. d4 exd4 15.
cxd4 Bb4 16. d5 Bxe1 17. dxe6 Bb4 18. Qb3 Bc5 19. exf7+ Kf8 20. Ng3 Ng6 21. Bd2
Qe7 22. a4 b4 23. Rc1 Qxf7 24. Qd3 Qe6 25. Nd4 Bxd4 26. Qxd4 c5 27. Qe3 Re8 28.
Re1 Ne5 29. b3 Nc6 30. Qd3 Ra8 31. Nf5 Ne8 32. Bf4 Ne5 33. Bxe5 Qxe5 34. Rd1
Rd8 35. f3 a5 36. Qa6 Qc3 37. Rd3 Qc1+ 38. Kh2 Qf4+ 39. Kg1 Qc1+ 40. Kf2 Qc2+
41. Kg3 Nc7 42. Qc4 Qxc4 43. bxc4 Rb8 44. Nxd6 b3 45. Nb5 Rxb5 46. axb5 a4 47.
b6 Na6 48. Rd8+ Ke7 49. Ra8 b2 50. Rxa6 b1=Q 51. Ra7+ Kd6 52. Rxg7 Qxb6 53. f4
Qb3+ 54. Kg4 Qxc4 55. e5+ Ke6 56. Rg6+ Kf7 57. Rxh6 a3 58. Rh7+ Kg6 59. Ra7 a2
60. h4 Qe2+ 61. Kh3 c4 62. Ra6+ Kh5 63. g3 Qf1+ 0-1

[Event "Int. Stuttgarter Stadtmeisterschaft B"]
[Site "Ditzingen"]
[Date "2013.05.09"]
[Round "1.18"]
[White "Pudmensky, Stefan"]
[Black "Gheng, Dominik"]
[Result "1-0"]
[WhiteElo "1829"]
[BlackElo "1635"]
[PlyCount "79"]
[EventDate "2013.??.??"]
[WhiteTeam "SF Oeffingen e.V."]
[BlackTeam "TSV Schönaich"]

1. d4 Nf6 2. Nf3 e6 3. c4 b6 4. g3 Bb4+ 5. Bd2 Bxd2+ 6. Qxd2 Bb7 7. Nc3 O-O 8.
Bg2 d5 9. Ne5 Nbd7 10. cxd5 Nxe5 11. dxe5 Nxd5 12. O-O Nxc3 13. Qxc3 Bxg2 14.
Kxg2 Qd5+ 15. f3 c5 16. Rfd1 Qc6 17. Rd6 Qb5 18. Kf2 h6 19. a4 Qe8 20. Qc4 Qe7
21. Rad1 Qg5 22. f4 Qh5 23. Kg2 Qg6 24. b3 Rfc8 25. Rd7 a6 26. Rb7 Rc6 27. Rdd7
Rf8 28. Qd3 Qh5 29. h3 Qf5 30. e4 Qg6 31. Rd6 Rfc8 32. Rxc6 Rxc6 33. Rb8+ Kh7
34. Kf3 Qh5+ 35. Kg2 f6 36. exf6 Qf7 37. e5+ g6 38. Qd8 g5 39. Qh8+ Kg6 40. g4
1-0

[Event "Int. Stuttgarter Stadtmeisterschaft B"]
[Site "Ditzingen"]
[Date "2013.05.09"]
[Round "1.19"]
[White "Trobonjaca, Milos"]
[Black "Rieder, Josef"]
[Result "0-1"]
[WhiteElo "1653"]
[BlackElo "1818"]
[PlyCount "128"]
[EventDate "2013.??.??"]
[WhiteTeam "SF Oeffingen e.V."]
[BlackTeam "Stuttgarter SF 1879"]

1. Nf3 c5 2. c4 Nf6 3. g3 e6 4. Nc3 d5 5. cxd5 exd5 6. d4 Nc6 7. Bg2 Be6 8. Bf4
Be7 9. Nb5 Qa5+ 10. Nc3 Ne4 11. Qa4 Qxa4 12. Nxa4 cxd4 13. b3 Bb4+ 14. Bd2 Nxd2
15. Nxd2 O-O 16. a3 Be7 17. O-O Rac8 18. b4 Ne5 19. Nf3 f6 20. Nxd4 Bf7 21. Nf5
Rfe8 22. Bh3 Rc7 23. Rac1 Nc4 24. Nb2 Bd8 25. Nxc4 dxc4 26. Nd6 Rxe2 27. Rfd1
Be7 28. Bg4 Ra2 29. Rc3 a6 30. b5 g6 31. b6 Rc6 32. Nxb7 Rxb6 33. Rd7 Bxa3 34.
Nd8 f5 35. Bf3 Rd6 36. Rxd6 Bxd6 37. Nxf7 Kxf7 38. Rxc4 Ke7 39. Bd5 a5 40. Rc8
Ra1+ 41. Kg2 a4 42. f3 a3 43. Ra8 Bc5 44. Ra6 Rg1+ 45. Kh3 Rd1 46. Bg8 Rd2 47.
g4 Rd6 48. Rxd6 Bxd6 49. gxf5 gxf5 50. Kg2 Kf6 51. h3 Ke5 52. Kf2 Kd4 53. h4 h6
54. h5 Bf4 55. Ke2 Kc3 56. Be6 Bg5 57. Bf7 Kb2 58. Kd3 a2 59. Bxa2 Kxa2 60. Kc3
Kb1 61. Kd4 Kc2 62. Kc5 f4 63. Kd4 Kd2 64. Ke4 Ke2 0-1

[Event "Int. Stuttgarter Stadtmeisterschaft B"]
[Site "Ditzingen"]
[Date "2013.05.09"]
[Round "1.20"]
[White "Rühl, Volker"]
[Black "Zeldin, Boris"]
[Result "0-1"]
[WhiteElo "1817"]
[BlackElo "1633"]
[PlyCount "77"]
[EventDate "2013.??.??"]
[WhiteTeam "VfL Sindelfingen"]
[BlackTeam "SV Rottweil"]

1. b4 d5 2. Bb2 e6 3. Nf3 Nf6 4. b5 Bd6 5. e3 c5 6. c4 O-O 7. Be2 a6 8. a4 Nbd7
9. O-O b6 10. Nc3 Qc7 11. bxa6 Bxa6 12. cxd5 Bxe2 13. Qxe2 exd5 14. Nb5 Qb8 15.
Nxd6 Qxd6 16. Rfb1 c4 17. Nd4 Nc5 18. Qd1 Qd7 19. Nb5 Nfe4 20. f3 Nd6 21. Nxd6
Qxd6 22. Bc3 Nd3 23. Rb5 Nb4 24. Bxb4 Qc6 25. Bxf8 Kxf8 26. Qb1 Ra6 27. Qb4+
Ke8 28. Rb1 Kd7 29. Rxb6 Rxb6 30. Qxb6 Qxa4 31. Qb5+ Qxb5 32. Rxb5 Kd6 33. Kf2
h5 34. Ke2 f5 35. Kd1 g5 36. Kc2 Ke5 37. d3 cxd3+ 38. Kxd3 h4 39. e4 0-1

[Event "Int. Stuttgarter Stadtmeisterschaft B"]
[Site "Ditzingen"]
[Date "2013.05.09"]
[Round "1.21"]
[White "Bausch, Raimund"]
[Black "Reichardt, Bernd"]
[Result "1/2-1/2"]
[WhiteElo "1630"]
[BlackElo "1814"]
[PlyCount "88"]
[EventDate "2013.??.??"]
[WhiteTeam "Stuttgarter SF 1879"]
[BlackTeam "SF Markgräflerland e."]

1. c4 c5 2. Nc3 Nf6 3. g3 g6 4. Bg2 Nc6 5. Nf3 Bg7 6. O-O d5 7. cxd5 Nxd5 8.
Nxd5 Qxd5 9. d3 Bg4 10. h3 Bxf3 11. Bxf3 Qd7 12. Kh2 Nd4 13. Bg2 O-O 14. Be3
Rab8 15. Bxd4 Qxd4 16. Qc2 Qxb2 17. Qxb2 Bxb2 18. Rab1 Be5 19. Bxb7 Rfd8 20.
Kg2 Rd4 21. Rfc1 Rb4 22. Rxb4 cxb4 23. Rc8+ Rxc8 24. Bxc8 a5 25. Ba6 a4 26. Bc4
h5 27. Kf3 e6 28. Ke4 Bc3 29. g4 hxg4 30. hxg4 f5+ 31. gxf5 gxf5+ 32. Ke3 Kf7
33. d4 Ke7 34. Kd3 Be1 35. f3 Kd6 36. Kc2 Bf2 37. Kd3 Bh4 38. Kc2 Bf2 39. Kd3
a3 40. e4 fxe4+ 41. fxe4 e5 42. dxe5+ Kxe5 43. Bd5 Bd4 44. Bb3 Bc3 1/2-1/2

[Event "Int. Stuttgarter Stadtmeisterschaft B"]
[Site "Ditzingen"]
[Date "2013.05.09"]
[Round "1.22"]
[White "Klemens, Peter"]
[Black "Gorb, Eugeniusz"]
[Result "1/2-1/2"]
[WhiteElo "1811"]
[BlackElo "1630"]
[PlyCount "47"]
[EventDate "2013.??.??"]
[WhiteTeam "Karlsruher SF 1853"]
[BlackTeam "SC Gross-Sachsenheim"]

1. d4 d5 2. Bf4 Nf6 3. c3 e6 4. e3 Bd6 5. Bg3 Ne4 6. Nd2 Nxg3 7. hxg3 Nd7 8.
Ngf3 Nf6 9. Bd3 b6 10. Qe2 a5 11. e4 dxe4 12. Nxe4 h6 13. Nxf6+ Qxf6 14. Bb5+
Bd7 15. Bxd7+ Kxd7 16. Qb5+ Ke7 17. O-O h5 18. Ne5 Bxe5 19. dxe5 Qf5 20. Rad1
Rhd8 21. b4 a4 22. Rxd8 Rxd8 23. Re1 Qc2 24. Qc4 1/2-1/2

[Event "Int. Stuttgarter Stadtmeisterschaft B"]
[Site "Ditzingen"]
[Date "2013.05.09"]
[Round "1.23"]
[White "Awiszus, Thomas"]
[Black "Zimmermann, Tobias"]
[Result "1-0"]
[WhiteElo "1613"]
[BlackElo "1734"]
[PlyCount "81"]
[EventDate "2013.??.??"]
[WhiteTeam "SK Schmiden/Cannstatt"]
[BlackTeam "SC Schachmatt Botnang"]

1. Nf3 Nf6 2. d4 g6 3. c4 c5 4. e3 cxd4 5. exd4 d6 6. Nc3 Bg7 7. g3 O-O 8. Bg2
Nc6 9. O-O Bg4 10. Be3 Qd7 11. Re1 Rac8 12. Rc1 a6 13. Na4 Qd8 14. Qb3 Rb8 15.
h3 b5 16. cxb5 axb5 17. hxg4 Na5 18. Qc2 bxa4 19. g5 Nd5 20. Bd2 Rb5 21. Qxa4
Qb6 22. Bf1 Rxb2 23. Qxa5 Qxa5 24. Bxa5 Ra8 25. Bd2 Raxa2 26. Be3 Nxe3 27. fxe3
Rf2 28. Nh4 h6 29. gxh6 Bxh6 30. Rc3 Kg7 31. Rd3 g5 32. Ng2 Kg6 33. e4 Bg7 34.
g4 Rfb2 35. Ne3 Ra4 36. Nf5 Bf6 37. e5 dxe5 38. dxe5 Rxg4+ 39. Kh1 Rb8 40. exf6
Rh8+ 41. Rh3 1-0

[Event "Int. Stuttgarter Stadtmeisterschaft B"]
[Site "Ditzingen"]
[Date "2013.05.09"]
[Round "1.24"]
[White "Strauss, Martin"]
[Black "Piskaykin, Bogdan"]
[Result "1/2-1/2"]
[WhiteElo "1792"]
[BlackElo "1586"]
[PlyCount "78"]
[EventDate "2013.??.??"]
[WhiteTeam "SC Sillenbuch"]
[BlackTeam "SV Friedrichshafen"]

1. e4 c5 2. Nf3 d6 3. d4 cxd4 4. Nxd4 Nf6 5. Nc3 a6 6. a4 e6 7. g3 b6 8. Bg5 h6
9. Bxf6 Qxf6 10. Bg2 Bb7 11. O-O Qd8 12. Re1 Qc7 13. Qe2 Be7 14. Bh3 Bf6 15.
Rad1 Nc6 16. Nxc6 Qxc6 17. Nd5 O-O-O 18. c3 Kb8 19. Nb4 Qc8 20. Bf1 a5 21. Nd3
Ba6 22. Qe3 Qc6 23. Bg2 e5 24. b4 Bxd3 25. Rxd3 Rd7 26. bxa5 bxa5 27. Rb1+ Rb7
28. Rxb7+ Kxb7 29. Qd2 Kc7 30. Qa2 Rf8 31. Qb3 Bd8 32. Rd5 Kd7 33. Bf1 Ke7 34.
Bb5 Qb6 35. c4 Bc7 36. Qd3 Rd8 37. Kg2 Qa7 38. Qa3 f6 39. Qd3 Bb6 1/2-1/2

[Event "Int. Stuttgarter Stadtmeisterschaft B"]
[Site "Ditzingen"]
[Date "2013.05.09"]
[Round "1.25"]
[White "Nagel, Armin"]
[Black "Michna, Marcus"]
[Result "0-1"]
[WhiteElo "1600"]
[BlackElo "1789"]
[PlyCount "40"]
[EventDate "2013.??.??"]
[WhiteTeam "SC BW Kirchentellinsfurt"]
[BlackTeam "TSF Ditzingen"]

1. d4 Nf6 2. Nc3 e6 3. Bg5 Be7 4. Nf3 d5 5. e3 b6 6. a3 O-O 7. b4 h6 8. Bh4 Bb7
9. Bd3 Re8 10. O-O Ne4 11. Bxe7 Qxe7 12. Ne2 Nd7 13. c4 dxc4 14. Bxc4 Ng5 15.
Ne5 Nxe5 16. dxe5 Nf3+ 17. Kh1 Nxe5 18. Qc2 Qh4 19. f4 Ng4 20. h3 Qxh3+ 0-1

[Event "Int. Stuttgarter Stadtmeisterschaft B"]
[Site "Ditzingen"]
[Date "2013.05.09"]
[Round "1.26"]
[White "Winkler, Alex"]
[Black "Tölg, Wolfgang"]
[Result "0-1"]
[WhiteElo "1590"]
[BlackElo "1782"]
[PlyCount "50"]
[EventDate "2013.??.??"]
[WhiteTeam "SF Deizisau"]
[BlackTeam "SF Oeffingen e.V."]

1. e4 e5 2. Nf3 Nc6 3. Bb5 a6 4. Ba4 Bc5 5. Nc3 b5 6. Bb3 Nf6 7. d3 d6 8. Bg5
h6 9. Bh4 g5 10. Bg3 Bg4 11. h3 Be6 12. Bxe6 fxe6 13. Qd2 Nh5 14. O-O-O Nf4 15.
Bxf4 gxf4 16. Ne2 Bxf2 17. Nxf4 exf4 18. Qxf2 Qf6 19. Rhf1 e5 20. Nh2 O-O-O 21.
Ng4 Qg5 22. Kb1 Rhg8 23. Rd2 Kb7 24. g3 fxg3 25. Qxg3 Qxd2 0-1